|
|
|
|
| LEADER |
02519nam a22005175i 4500 |
| 001 |
978-88-470-2544-8 |
| 003 |
DE-He213 |
| 005 |
20151029221111.0 |
| 007 |
cr nn 008mamaa |
| 008 |
121207s2013 it | s |||| 0|ita d |
| 020 |
|
|
|a 9788847025448
|9 978-88-470-2544-8
|
| 024 |
7 |
|
|a 10.1007/978-88-470-2544-8
|2 doi
|
| 040 |
|
|
|d GrThAP
|
| 050 |
|
4 |
|a GB5000-5030
|
| 072 |
|
7 |
|a RNR
|2 bicssc
|
| 072 |
|
7 |
|a NAT023000
|2 bisacsh
|
| 082 |
0 |
4 |
|a 551
|2 23
|
| 100 |
1 |
|
|a Blasio, Fabio Vittorio De.
|e author.
|
| 245 |
1 |
0 |
|a Aria, acqua, terra e fuoco
|h [electronic resource] :
|b Uragani, alluvioni, tsunami e asteroidi /
|c by Fabio Vittorio De Blasio.
|
| 264 |
|
1 |
|a Milano :
|b Springer Milan :
|b Imprint: Springer,
|c 2013.
|
| 300 |
|
|
|a XIV, 306 pagg.
|b online resource.
|
| 336 |
|
|
|a text
|b txt
|2 rdacontent
|
| 337 |
|
|
|a computer
|b c
|2 rdamedia
|
| 338 |
|
|
|a online resource
|b cr
|2 rdacarrier
|
| 347 |
|
|
|a text file
|b PDF
|2 rda
|
| 490 |
1 |
|
|a I Blu — Pagine di Scienza,
|x 2239-7477
|
| 520 |
|
|
|a Questo secondo volume prosegue la breve trattazione sulle catastrofi naturali. È la volta delle catastrofi dell’acqua e dell’aria, spesso sui giornali quando un uragano o un’inondazione colpiscono il nostro pianeta. E anche delle minacce cosmiche, rare ma in grado di annientare la nostra civiltà. Vedremo quegli straordinari eventi di cui conosciamo l’esistenza dallo studio degli strati geologici e dei fossili, ma la cui causa è ancora avvolta nel mistero. Si tratta delle estinzioni di massa, episodi in cui la biosfera è cambiata in maniera improvvisa e drammatica a causa di una catastrofe globale. Tra un aneddoto e una digressione sulle basi scientifiche dei fenomeni e passando attraverso qualche caso di studio, si incuriosisce il lettore su un tema importante e coinvolgente.
|
| 650 |
|
0 |
|a Earth sciences.
|
| 650 |
|
0 |
|a Paleontology.
|
| 650 |
|
0 |
|a Natural disasters.
|
| 650 |
|
0 |
|a Astronomy.
|
| 650 |
|
0 |
|a Astrophysics.
|
| 650 |
|
0 |
|a Cosmology.
|
| 650 |
|
0 |
|a Environment.
|
| 650 |
1 |
4 |
|a Earth Sciences.
|
| 650 |
2 |
4 |
|a Natural Hazards.
|
| 650 |
2 |
4 |
|a Environment, general.
|
| 650 |
2 |
4 |
|a Astronomy, Astrophysics and Cosmology.
|
| 650 |
2 |
4 |
|a Paleontology.
|
| 710 |
2 |
|
|a SpringerLink (Online service)
|
| 773 |
0 |
|
|t Springer eBooks
|
| 776 |
0 |
8 |
|i Printed edition:
|z 9788847025431
|
| 830 |
|
0 |
|a I Blu — Pagine di Scienza,
|x 2239-7477
|
| 856 |
4 |
0 |
|u http://dx.doi.org/10.1007/978-88-470-2544-8
|z Full Text via HEAL-Link
|
| 912 |
|
|
|a ZDB-2-EES
|
| 950 |
|
|
|a Earth and Environmental Science (Springer-11646)
|